Первичные ореолы молибденовых месторождений Сибири

Λεπτομέρειες βιβλιογραφικής εγγραφής
Συγγραφή απο Οργανισμό/Αρχή: Академия наук СССР Сибирское отделение Институт геохимии
Άλλοι συγγραφείς: Летников Ф. А. (редактор)
Περίληψη:На примере молибденовых месторождений трех рудных формаций рассмотрены эндогенные ореолы рудных полей, месторождений, рудных тел. Для каждого из указанных типов ореолов приводится детальное описание их состава и строения. Особое внимание уделено вопросам формирования зональности. Особенности зональности ореолов показаны в неразрывной связи с зональностью оруденения метасоматитов. Даются анализ метасоматическлх колонок и геохимическая характеристика метасоматитов, геохимические особенности рудных тел. Определяется влияние состава вмещающих пород на образование ореолов, устанавливаются связь геохимических ореолов и гидротермально измененных пород, влияние физико-механических свойств пород на образование ореолов, состав элементов-примесей в рудных и других минералах, исследованы формы нахождения элементов в ореолах. В монографии проанализированы возможности использования минералого-геохимических критериев зональности для целей поисков и прогноза молибденового оруденения. Книга рассчитана на гео логов, геохимиков и специалистов по рудным месторождениям.
Γλώσσα:Ρωσικά
Έκδοση: Новосибирск, Наука, 1980
Θέματα:
Μορφή: Βιβλίο
KOHA link:https://koha.lib.tpu.ru/cgi-bin/koha/opac-detail.pl?biblionumber=362301

MARC

LEADER 00000nam0a2200000 4500
001 362301
005 20231102011457.0
035 |a (RuTPU)RU\TPU\retro\19647 
090 |a 362301 
100 |a 20210722d1980 k y0rusy50 ca 
101 0 |a rus 
102 |a RU 
105 |a af z 001zy 
200 1 |a Первичные ореолы молибденовых месторождений Сибири  |f Академия наук СССР, Сибирское отделение, Институт геохимии ; под ред. Ф. А. Летникова 
210 |a Новосибирск  |c Наука  |d 1980 
215 |a 153 с.  |c ил.  |e 1 карта 
316 |5 63413507: КР-7354  |a На титульном листе дарственная надпись: "Уважаемому Л. П. Рихванову нп память от одного из авторов. 28.12.81 г. Ю. Страгис" 
317 |5 63413507: КР-7354  |a Поступил в НТБ в 2021 г. в дар от семьи профессора ТПУ Л. П. Рихванова 
320 |a Библиогр.: с. 145-152 
330 |a На примере молибденовых месторождений трех рудных формаций рассмотрены эндогенные ореолы рудных полей, месторождений, рудных тел. Для каждого из указанных типов ореолов приводится детальное описание их состава и строения. Особое внимание уделено вопросам формирования зональности. Особенности зональности ореолов показаны в неразрывной связи с зональностью оруденения метасоматитов. Даются анализ метасоматическлх колонок и геохимическая характеристика метасоматитов, геохимические особенности рудных тел. Определяется влияние состава вмещающих пород на образование ореолов, устанавливаются связь геохимических ореолов и гидротермально измененных пород, влияние физико-механических свойств пород на образование ореолов, состав элементов-примесей в рудных и других минералах, исследованы формы нахождения элементов в ореолах. В монографии проанализированы возможности использования минералого-геохимических критериев зональности для целей поисков и прогноза молибденового оруденения. Книга рассчитана на гео логов, геохимиков и специалистов по рудным месторождениям. 
606 1 |a Молибденовые месторождения  |2 stltpush  |3 (RuTPU)RU\TPU\subj\44326  |9 63677 
610 1 |a Сибирь 
610 1 |a ореолы 
610 1 |a рудные формации 
610 1 |a рудные поля 
610 1 |a состав 
610 1 |a строение 
610 1 |a зональность 
610 1 |a метасоматиты 
610 1 |a вмещающие породы 
610 1 |a элементы-примеси 
610 1 |a Библиотека Л. П. Рихванова 
610 1 |a дарственные надписи 
610 1 |a дары автора 
610 1 |a дары библиотеке 
675 |a 553.462  |v 4 
702 1 |a Летников  |b Ф. А.  |4 340 
712 0 2 |a Академия наук СССР  |b Сибирское отделение  |b Институт геохимии  |c (Новосибирск)  |2 stltpush  |3 (RuTPU)RU\TPU\col\12868  |9 25547 
801 1 |a RU  |b 63413507  |c 20210722 
801 2 |a RU  |b 63413507  |c 20220902  |g RCR 
942 |c BK